Optical WDM networks / (Record no. 876)

000 -LEADER
fixed length control field 00763nam a22002417a 4500
001 - CONTROL NUMBER
control field 876
003 - CONTROL NUMBER IDENTIFIER
control field BD-DhUET
008 - FIXED-LENGTH DATA ELEMENTS--GENERAL INFORMATION
fixed length control field 050823s2006 nyua b 001 0 eng d
020 ## - INTERNATIONAL STANDARD BOOK NUMBER
International Standard Book Number 0387290559
040 ## - CATALOGING SOURCE
Original cataloging agency OHX
Transcribing agency OHX
Modifying agency BD-DhUET
082 ## - DEWEY DECIMAL CLASSIFICATION NUMBER
Classification number 623.80414
Item number MUK/2006
100 1# - MAIN ENTRY--PERSONAL NAME
Personal name Mukherjee, Biswanath.
245 10 - TITLE STATEMENT
Title Optical WDM networks /
Statement of responsibility, etc. by Biswanath Mukherjee.
250 ## - EDITION STATEMENT
Edition statement Ist ed.
260 ## - PUBLICATION, DISTRIBUTION, ETC. (IMPRINT)
Place of publication, distribution, etc. New York :
Name of publisher, distributor, etc. Springer,
Date of publication, distribution, etc. 2006.
300 ## - PHYSICAL DESCRIPTION
Extent xliii, 953 p. :
Other physical details ill. ;
Dimensions 26 cm.
490 0# - SERIES STATEMENT
Series statement Optical networks series
504 ## - BIBLIOGRAPHY, ETC. NOTE
Bibliography, etc Includes bibliographies.
650 #0 - SUBJECT ADDED ENTRY--TOPICAL TERM
Topical term or geographic name as entry element Optical communications-WDM
942 ## - ADDED ENTRY ELEMENTS (KOHA)
Koha item type General Book
856 42 - ELECTRONIC LOCATION AND ACCESS
Uniform Resource Identifier http://www.loc.gov/catdir/enhancements/fy0663/2005932754-d.html
856 41 - ELECTRONIC LOCATION AND ACCESS
Uniform Resource Identifier http://www.loc.gov/catdir/enhancements/fy0819/2005932754-t.html
Holdings
Damaged status Price effective from Koha full call number Shelving location Source of classification or shelving scheme Koha normalized classification for sorting Piece designation (barcode) Location (home branch) Withdrawn status Lost status Koha date last seen Copy number Date acquired Sublocation or collection (holding branch) Not for loan Koha item type
 2014-08-24623.80414/MUK/2006Circulation section 623_000000000000000_80414MUK20109803Central Library, BUET  2014-08-2412014-08-24Central Library, BUET General Book
 2014-08-24623.80414/MUK/2006Circulation section 623_000000000000000_80414MUK20109804Central Library, BUET  2014-08-2422014-08-24Central Library, BUET General Book